The Greek Sense Of Theatre: Tragedy And Comedy, 3 Edition (Record no. 295631)
[ view plain ]
| 000 -LEADER | |
|---|---|
| fixed length control field | 00399nam a2200121Ia 4500 |
| 008 - FIXED-LENGTH DATA ELEMENTS--GENERAL INFORMATION | |
| fixed length control field | 160609s9999 xx 000 0 und d |
| 100 ## - MAIN ENTRY--PERSONAL NAME | |
| Personal name | Walton, J. Michael. |
| 245 #4 - TITLE STATEMENT | |
| Title | The Greek Sense Of Theatre: Tragedy And Comedy, 3 Edition |
| 245 ## - TITLE STATEMENT | |
| Statement of responsibility, etc | By:J Michael Walton |
| 260 ## - PUBLICATION, DISTRIBUTION, ETC. (IMPRINT) | |
| Date of publication, distribution, etc | 2015 |
| 650 ## - SUBJECT ADDED ENTRY--TOPICAL TERM | |
| General subdivision | INTRODUCTION TO THEATRE ARTS |
| 856 ## - ELECTRONIC LOCATION AND ACCESS | |
| Uniform Resource Identifier | <a href="http://file.ebook777.com/002/TheGreSenOfTheTraAndCom3Edi.pdf">http://file.ebook777.com/002/TheGreSenOfTheTraAndCom3Edi.pdf</a> |
| Withdrawn status | Lost status | Damaged status | Home library | Current library | Date acquired | Total Checkouts | Date last seen | Price effective from | Koha item type |
|---|---|---|---|---|---|---|---|---|---|
| College Library | College Library | 06/09/2016 | 06/09/2016 | 06/09/2016 | Curriculum - Based eBooks |